000
00319 a2200157 4500
001
188736
020
_a
0-19-423214-X
040
_c
Magnum
100
_a
Gould-Hardy, Janet
240
1
0
_a
King Arthur
_l
ING
245
1
0
_a
King Arthur
300
_a
30
362
0
_a
2002
697
_a
LITERATURA INGLESA
942
_c
BK
999
_c
188736
_d
188736